000 00363nam a2200145 i 4500
001 bg
245 0 _aBasic :
_bzasady programowania /
_cpod red. Waldemara Czuchry.
260 _aGdynia 1981.
700 1 _aCzuchra, Waldemar.
_eRed.
040 _cBPK
041 _apol
080 _a681.322.06(075.8)
942 _cKS
008 s pl f |000 0 pol
999 _c22115
_d22115
856 _uhttp://koha.tu.koszalin.pl/cgi-bin/koha/opac-detail.pl?biblionumber=22115
_yKatalog online BPK